000 00603nam a2200181 a 4500
001 000006089
005 20200929151925.0
008 090826s2008 dr 001 0 spa d
020 _a9789945867206
040 _aDO-SdBNP
_bspa
_cBNPHU
100 1 _aEscrivá De Balaguer, San Josemaría
_917143
245 1 0 _aCamino /
_cSan Josemaría Escrivá de Balaguer.
260 _aSanto Domingo :
_bEdiciones Pico Duerte,
_c2008.
300 _a358 p. ;
_c17 cm.
500 _aIncluye datos biográficos del autor
500 _aIncluye índice de cita de la sagrada escritura
500 _aIncluye índice analítico
999 _c5885
_d5885